Sports Quiz

Random Sports or WWE Quiz

WWE PPV Appearances 2002 Quiz Stats

 Plays Quiz not verified by Sporcle

Challenge
Share
Tweet
Embed
Score 0/71 Timer 07:00
0 Plays Today
First PPV Superstar % Correct
Royal RumbleMatt Hardy
96.3%
Royal RumbleJeff Hardy
96.3%
Royal RumbleSpike Dudley
95.2%
Royal RumbleBubba Ray Dudley
95.2%
Royal RumbleD-Von Dudley
95.2%
Royal RumbleThe Rock
94.7%
Royal RumbleChristian
94.1%
Royal RumbleKane
94.1%
Royal RumbleStone Cold Steve Austin
93.6%
Royal RumbleKurt Angle
93.6%
Royal RumbleEdge
93%
Royal RumbleRic Flair
92.5%
Royal RumbleVince McMahon
92.5%
Royal RumbleChris Jericho
92.5%
BacklashBrock Lesnar
92.5%
Royal RumbleThe Undertaker
92%
Royal RumbleTrish Stratus
91.4%
Royal RumbleRob Van Dam
90.4%
Royal RumbleTriple H
89.8%
Royal RumbleBig Show
89.3%
Royal RumbleBooker T
89.3%
BacklashEddie Guerrero
89.3%
Royal RumbleBilly
88.8%
VengeanceChris Benoit
88.2%
Wrestlemania X8Hollywood Hulk Hogan
87.7%
RebellionChavo Guerrero
87.2%
Royal RumbleJazz
86.6%
Royal RumbleTest
86.6%
Wrestlemania X8Scott Hall
86.6%
Royal RumbleRikishi
86.1%
Royal RumbleChuck
86.1%
InsurrextionX-Pac
86.1%
Royal RumbleBradshaw
85.6%
Royal RumbleWilliam Regal
83.4%
Wrestlemania X8Lita
83.4%
Royal RumbleMaven
82.9%
First PPV Superstar % Correct
Royal RumbleFaarooq
82.9%
InsurrextionMolly Holly
81.8%
SummerslamRey Mysterio
81.3%
SummerslamShawn Michaels
80.7%
Royal RumbleGoldust
79.7%
Royal RumbleAlbert
79.7%
RebellionCrash Holly
79.7%
Royal RumbleTazz
79.1%
VengeanceJohn Cena
78.6%
Royal RumbleLance Storm
78.1%
Royal RumbleMr. Perfect
77.5%
Royal RumbleThe Hurricane
77%
ArmageddonBatista
77%
Royal RumbleDiamond Dallas Page
75.9%
Royal RumbleScotty 2 Hotty
74.9%
Royal RumbleThe Godfather
73.8%
Royal RumbleBig Boss Man
72.2%
No MercyTorrie Wilson
71.7%
Royal RumblePerry Saturn
71.1%
BacklashBilly Kidman
71.1%
No MercyVictoria
70.6%
Royal RumbleVal Venis
69.5%
BacklashTajiri
69.5%
Royal RumbleAl Snow
65.2%
King of the RingJamie Noble
63.6%
UnforgivenRosey
62.6%
UnforgivenJamal
60.4%
Judgment DayStacy Keibler
59.9%
InsurrextionJacqueline
59.4%
Judgment DayRico
58.3%
Judgment DayPaul Heyman
57.8%
No MercyDawn Marie
52.4%
InsurrextionSteven Richards
49.7%
InsurrextionShawn Stasiak
43.3%
RebellionFunaki
40.6%

You're not logged in!

Compare scores with friends on all Sporcle quizzes.
Join for Free
OR
Log In

You Might Also Like...

Show Comments

Extras

Top Quizzes Today


Score Distribution

Your Account Isn't Verified!

In order to create a playlist on Sporcle, you need to verify the email address you used during registration. Go to your Sporcle Settings to finish the process.

Report this User

Report this user for behavior that violates our Community Guidelines.

Details: